banner-ar

صنعة الرواية / (Record no. 47340)

MARC details
000 -الفاتح
حقل البيانات ثابتة الطول 00538nam a2200193Ia 4500
008 - عناصر البيانات ثابتة الطول - معلومات عامة
حقل البيانات ثابتة الطول 140319s9999 xx 000 0 ara d
040 ## - مصدر الفهرسة
وكالة الفهرسة الأصلية GCL /
وكالة النسخ GCL
082 04 - رقم تصنيف ديوى العشرى
رقم التصنيف 808.802
رقم المادة ل ص
100 1# - المدخل الرئيسى - إسم شخصى
الإسم الشخصى لوبوك، بيرسى
245 10 - بيان العنوان
العنوان صنعة الرواية /
بيان المسئوليه,etc لوبوك، بيرسى
700 1# - المدخل الاضافى - اسم شخصى
الإسم الشخصى عبدالستار جواد
300 ## - الوصف المادى
التعداد 251 ص
490 ## - بيان السلسلة
عنوان السلسلة سلسلة الكتب المترجمة
رقم المجلد/ التعيين التسلسلي 0
650 04 - المدخل الاضافى بالموضوع-مصطلح موضوعى
مصطلح موضوعي الاسلوب الادبى
650 04 - المدخل الاضافى بالموضوع-مصطلح موضوعى
مصطلح موضوعي الادب
650 04 - المدخل الاضافى بالموضوع-مصطلح موضوعى
مصطلح موضوعي القصص
942 ## - عناصر المدخل الإضافي( كوها)
مصدر التصنيف او مخطط الترفيف Dewey Decimal Classification
Koha [default] item type كتاب
Holdings
حالة التراجع حالة الفقد حالة تلف ليس للاعارة المكان المؤقت الموقع الحالى تاريخ الاكتساب اجمالي اﻻعارات رقم الطلب الباركود تاريخ اخر مشاهدة تاريخ تفعيل السعر نوع وعاء كوها
        مكتبة القاهرة الكبرى مكتبة القاهرة الكبرى 03/26/2014   808.802\ل ص 114497 03/26/2014 03/26/2014 كتاب

Powered By

EGPV